00484nam a2200193 a 4500001001300000003000900013005001700022008004100039020002500080082001300105100001900118245001700137260004300154300000900197500003500206505001700241650001300258700001900271nice12345678IN_TiNIC20260116012944.0050524s1971 lona grp 000 0 eng  a0232616 c100.500a230bBLO aBloom, Anthony aGod and Man. aLondon bDarton, Longman & Todd c1971 a125p aincludes index and biblioraphy2 aIndex, notes aTheology1 aBloom, Anthony